=LDR 00000nam 2200000 4500 =001 INLIS000000000006141 =005 20200225084329 =035 ##$$a 0010-061300000006141 =008 200225################g##########0#ind## =041 ##$$a Ind =082 ##$$a 153.3 =090 ##$$a 153.3 Boe i =100 1#$$a Boeuf, Micheael Le =245 1#$$a Imageenering : $b Bagaimana cara memanfaatkan daya kreativitas anda /$c Michael Le Boeuf, PhD =260 ##$$a Semarang :$b Dahara Press,$c 1990 =300 ##$$a 139 hlm : $b ilus. ; $c 20 x 15 cm. =650 #4$$a Kreativitas =850 ##$$a NBPNMAT =084 ##$$a 153.3 BOE i =250 ##$$a cet. 1 =990 ##$$a DW00020709 =990 ##$$a DW00020710 =990 ##$$a 84.706 pro.95 =990 ##$$a 34.707 Pro.95 =990 ##$$a DW00020709 =990 ##$$a DW00020710 =990 ##$$a 84.706 pro.95 =990 ##$$a 34.707 Pro.95